| 000 | 00449nam a2200193Ia 4500 | ||
|---|---|---|---|
| 005 | 20240823012241.0 | ||
| 008 | 240823s9999||||xx |||||||||||||| ||und|| | ||
| 020 | _a81-203-1288-0 | ||
| 041 | _aENGLISH | ||
| 082 | _A658.8342 P2 | ||
| 100 | _a"Schiffman,Leon G" | ||
| 245 | 0 | _aConsumer Behaviour | |
| 250 | _a6th | ||
| 260 |
_c2002 _b"PHI,New D" |
||
| 500 | _aYES | ||
| 650 |
_aConsumer _bManagement Studies |
||
| 942 | _cBK | ||
| 999 |
_c163871 _d163871 |
||